LEADER 00872nam a2200205 i 4500 001 000000208996 003 CaOOAMICUS 005 20111202000000.0 008 111202s1955 it u000 u ita u 013 $a187785 040 $aSeMil$bita 100 1 $aMorghen, Raffaello,$d<1896-1983>.$0(OLS)http://semarc/name/16342 245 10$aProfilo storico della civiltà europea /$cRaffaello Morghen Ord. di Storia Medievale nella Università di Roma. 260 $aPalermo :$bPalumbo,$cstampa 1955. 300 $aXXIII, 758 p. ;$c23 cm. 650 4$aEuropa - Civiltà - Storia.$0(OLS)http://semarc/subject/28402 850 $aSeMil 852 $aSeMil$W1$xVenegono$y1$m3T II 175$j159450$B159450$CSeMilBibl$Z2$F170511 $81 996 $6245$aProfilo storico della civiltà europea$9(OLS)http://semarc/title/302115 996 $6260$aPalermo :$bPalumbo$9(OLS)http://semarc/publisher/30370 LEADER 01083nam a2200229 i 4500 001 000000209792 003 CaOOAMICUS 005 20120103000000.0 008 120103s1972 it u000 u ita u 013 $a188583 040 $aSeMil$bita 100 1 $aCamporeale, Salvatore I.$0(OLS)http://semarc/name/75197 245 10$aLorenzo Valla :$bumanesimo e teologia /$cSalvatore I. Camporeale ; Presentazione di Eugenio Garin. 260 $aFirenze :$bIstituto Palazzo Strozzi,$ccopyr. 1972. 300 $aIX, 554 p. ;$c22 cm. 500 $aContiene : Appendice ; Nota bibliografica. - In testa al front : Istituto Nazionale di Studi sul Rinascimento. 600 14$aValla, Lorenzo <1406-1457>.$0(OLS)http://semarc/subject/13125 700 1 $aGarin, Eugenio,$d<1909-2004>.$0(OLS)http://semarc/name/1340 850 $aSeMil 852 $aSeMil$W1$xVenegono$y1$m3T IV 172$j160243$B160243$CSeMilBibl$Z2$F171265 $81 996 $6245$aLorenzo Valla :$bumanesimo e teologia$9(OLS)http://semarc/title/303268 996 $6260$aFirenze :$bIstituto Palazzo Strozzi$9(OLS)http://semarc/publisher/52445